| 000 | 01058nac a22002651u 4500 | ||
|---|---|---|---|
| 010 | _a 2003115113 | ||
| 020 | _a0324261276 | ||
| 035 | _a(DLC) 2003115113 | ||
| 082 |
_a658.4092 _bDAF |
||
| 090 |
_c7221 _d7221 |
||
| 100 | _aDaft, Richard L. | ||
| 245 | 1 | 4 |
_aThe leadership experience / _cRichard L. Daft, with the assistance of Patricia G. Lane. |
| 250 | _a3rd ed. | ||
| 260 |
_aMason, Ohio : _bThomson/South-Western,2005 _cc2005. |
||
| 300 |
_axviii, 681 p. : _bcol. ill. ; _c24 cm. |
||
| 500 | _aIncludes passcode for the Infotrac College Edition, the Online Library (WWW.infotrac-college.com). | ||
| 500 | _adistributer: Al-Ahram | ||
| 504 | _aIncludes bibliographical references and index. | ||
| 511 | _acatalogued by: wessam | ||
| 650 | 0 | _aLeadership. | |
| 700 | 1 | _aLane, Patricia G. | |
| 856 | 4 | 1 |
_3Table of contents _uhttp://www.loc.gov/catdir/toc/fy046/2003115113.html |
| 942 |
_cNB _k658.4092DAF |
||
| 999 |
_c7221 _d7221 |
||